Click to Translate - Vietnamese (Countries) - Statistics

General Stats
  • This quiz has been taken 106 times
  • The average score is 13 of 20
Answer Stats
Hint Answer % Correct
France Pháp
84%
South Korea Hàn Quốc
78%
Italy Ý
78%
Egypt Ai Cập
73%
Japan Nhật Bản
73%
Australia Úc
73%
United States Mỹ / Hoa Kỳ
72%
China Trung Quốc
72%
Germany Đức
69%
India Ấn Độ
69%
United Kingdom Anh
67%
Spain Tây Ban Nha
67%
Belgium Bỉ
66%
Turkey Thổ Nhĩ Kỳ
63%
Taiwan Đài Loan
61%
Portugal Bồ Đào Nha
58%
Netherlands Hà Lan
58%
Switzerland Thụy Sĩ
57%
Greece Hy Lạp
54%
Sweden Thụy Điển
51%
No matching quizzes found
Score Distribution
Percent of People with Each Score
Percentile by Number Answered
Your Score History
You have not taken this quiz